1328 1042 1404 1795 1693 1867 1346 1616 1345 1781 1498 1030 1052 1714 1689 1211 1688 1933 1405 1757 1120 1212 1737 1689 1035 1206 1434 1793 1521 1969 1140 1226 1433 1920 1887 1936 1299 1474 1976 1118 1633 1545 1562 1553 1844 1292 1702 1812 1678 1974 1408 1572 1057 1744 1208 1044 1186 1909 1926 1832 1984 1753 1643 1821 1296 1885 1703 1411 1502 1793 1016 1551 1425 1953 1921 1119 1909 1590 1437 1871 1203 1438 1211 1665 1003 1422 1293 1224 1433 1068 1961 1258 1060 1420 1257 1231 1046 1366 1519 BCNSPRNW ULIB Ver.6.0+V

เปลี่ยนเป็นภาษาไทย

Change to English
 แสดงรายละเอียดบรรณานุกรม
  กลับหน้าหลัก

Brief Record : Get Marc (ISO 2709) : E-mail record : QR code < ปิดหน้าต่าง
LEADER : 00000nam 2200000uu 4500
001    13399126215
003     ULIB
008    180726s2017||||th 000 0 tha d
020    ^a9781496345134
060    ^aWS18.2^bS115T
100    ^aCamille Sabella, Robert J. Cunningham III
245  4 ^aThe Cleveland Clinic Intensive Review of Pediatrics/^cCamille Sabella, Robert J. Cunningham III
250    ^a5th ed
260    ^aPhiladelphia :^bWolters Kluwer,^c2017
300    ^a688 pages;^b30 cm
650    ^aPediatrics-methods
945    ^p0^l0^i26433
999    ^aกัณชพร จุลอักษร
รายการนี้ยังไม่มีแท็ก
คุณยังไม่ได้ล็อกอิน คุณสามารถมีกิจกรรมร่วมกับเว็บไซต์ได้ แต่ต้องล็อกอินก่อน ::
  ล็อกอิน

รายการสื่อสารสนเทศ

ลำดับที่ ประเภท เลขเรียก/บาร์โค้ด สถานที่ สถานะ
1. วิทยาศาสตร์การแพทย์ และสุขภาพ
วิทยาศาสตร์การแพทย์ และสุขภาพ
WS18.2 S115T ฉ.1 
  Barcode: 26433
ห้องสมุดวิทยาเขตนครสวรรค์
►หนังสือทั่วไป:l:General Books
บนชั้น

รายการใกล้เคียง
    ผู้แต่ง [Camille Sabella, Robert J. Cunningham III]

    หัวเรื่อง [Pediatrics-methods]

BibComment


ยังไม่เคยถูกคอมเมนท์

คอมเมนท์ทรัพยากรรายการนี้
  คอมเมนท์: The Cleveland Cl..


 Copyright 2026. Bcnsprnw @Library